000
00245nam a2200097 a 4500
005
20200930073749.0
008
111006s1889 000 spa d
245
0
_a
The letter of Christopher Columbus.
260
_a
London,
_c
1889.
999
_c
34045
_d
34045
040
_a
DO-SdBNP